History Quiz

Random History or Latin Quiz

Latin Certamen Competition Quiz Stats

 Plays Quiz not verified by Sporcle

Also try: Trump's Cabinet
Challenge
Share
Tweet
Embed
Score 0/10 Timer 15:00
0 Plays Today
Question Answer % Correct
How do you say 2006 in Roman Numerals?MMVI
82%
What is the latin motto of America that means 'out of many one '?e pluribus unum
80%
What does amamus translate to in english?we love
78%
Which Greek hero killed his father and slept with his mother??Oedipus
74%
what does SPQR mean in english ?the senate and people of Rome
58%
What room was the garden in a roman house?Hortus
54%
Who are the roman protectores of a house?penates
46%
Who said this quote?julius caesar
44%
What is the symbol of Hades?A bident
34%
How do you say' i came, i saw, i conquered in latin ?veni,vidi.vinci
24%

You're not logged in!

Compare scores with friends on all Sporcle quizzes.
Join for Free
OR
Log In

You Might Also Like...

Show Comments

Extras

Top Quizzes Today


Score Distribution

Your Account Isn't Verified!

In order to create a playlist on Sporcle, you need to verify the email address you used during registration. Go to your Sporcle Settings to finish the process.

Report this User

Report this user for behavior that violates our Community Guidelines.

Details: